<?xml version="1.0" encoding="UTF-8"?>
<record
    xmlns:xsi="http://www.w3.org/2001/XMLSchema-instance"
    xsi:schemaLocation="http://www.loc.gov/MARC21/slim http://www.loc.gov/standards/marcxml/schema/MARC21slim.xsd"
    xmlns="http://www.loc.gov/MARC21/slim">

  <leader>04409nam a2200901 a 4500</leader>
  <controlfield tag="008">130729t2010    ag a|||| |||| 00| 0 spa d</controlfield>
  <datafield tag="020" ind1=" " ind2=" ">
    <subfield code="a">9789500601573</subfield>
  </datafield>
  <datafield tag="041" ind1=" " ind2=" ">
    <subfield code="a">spa</subfield>
  </datafield>
  <datafield tag="092" ind1=" " ind2=" ">
    <subfield code="c">616.07</subfield>
    <subfield code="l">68</subfield>
    <subfield code="s">POR</subfield>
  </datafield>
  <datafield tag="100" ind1="1" ind2=" ">
    <subfield code="a">Porth, Carol M.</subfield>
    <subfield code="9">2538</subfield>
  </datafield>
  <datafield tag="245" ind1=" " ind2=" ">
    <subfield code="a">Fisiopatolog&#xED;a.</subfield>
    <subfield code="b">Salud-enfermedad. Un enfoque conceptual /</subfield>
    <subfield code="c">Carol M. Porth</subfield>
  </datafield>
  <datafield tag="250" ind1=" " ind2=" ">
    <subfield code="a">7a ed. 4a reimp. </subfield>
    <subfield code="b">Traducci&#xF3;n Silvia Cwi ; Jorge Frydman ; Octavio Giovaniello ; Judith Oxemberg ; Ubaldo Patrone ; Silvia Rondinome ; karina Tzal. Supervisi&#xF3;n de traducci&#xF3;n Mariano Duarte.</subfield>
  </datafield>
  <datafield tag="260" ind1=" " ind2=" ">
    <subfield code="a">Buenos Aires:</subfield>
    <subfield code="b">Editorial M&#xE9;dica Panamericana;</subfield>
    <subfield code="c">2010.</subfield>
  </datafield>
  <datafield tag="300" ind1=" " ind2=" ">
    <subfield code="a">1616 p.</subfield>
    <subfield code="b">28x20 cm</subfield>
  </datafield>
  <datafield tag="500" ind1=" " ind2=" ">
    <subfield code="a">Porth, C. M. (2010). Fisiopatolog&#xED;a. Salud-enfermedad. Un enfoque conceptual. (7a ed.). Buenos Aires : Editorial M&#xE9;dica Panamericana. </subfield>
  </datafield>
  <datafield tag="653" ind1=" " ind2=" ">
    <subfield code="a">Conceptos de salud y enfermedad</subfield>
  </datafield>
  <datafield tag="653" ind1=" " ind2=" ">
    <subfield code="a">Conceptos de alteraci&#xF3;n de la salud en los ni&#xF1;os</subfield>
  </datafield>
  <datafield tag="653" ind1=" " ind2=" ">
    <subfield code="a">Conceptos de salud alterada en adultos de edad avanzada</subfield>
  </datafield>
  <datafield tag="653" ind1=" " ind2=" ">
    <subfield code="a">Caracter&#xED;sticas de las c&#xE9;lulas y los tejidos</subfield>
  </datafield>
  <datafield tag="653" ind1=" " ind2=" ">
    <subfield code="a">Adaptaci&#xF3;n, lesi&#xF3;n y muerte celulares</subfield>
  </datafield>
  <datafield tag="653" ind1=" " ind2=" ">
    <subfield code="a">Control gen&#xE9;tico de la funci&#xF3;n celular y la herencia</subfield>
  </datafield>
  <datafield tag="653" ind1=" " ind2=" ">
    <subfield code="a">Trastornos gen&#xE9;ticos y cong&#xE9;nitos</subfield>
  </datafield>
  <datafield tag="653" ind1=" " ind2=" ">
    <subfield code="a">Neoplasias</subfield>
  </datafield>
  <datafield tag="653" ind1=" " ind2=" ">
    <subfield code="a">&#xC9;stres y adaptaci&#xF3;n </subfield>
  </datafield>
  <datafield tag="653" ind1=" " ind2=" ">
    <subfield code="a">Alteraciones en la regulaci&#xF3;n de la temperatura</subfield>
  </datafield>
  <datafield tag="653" ind1=" " ind2=" ">
    <subfield code="a">Alteraciones del estado nutricional</subfield>
  </datafield>
  <datafield tag="653" ind1=" " ind2=" ">
    <subfield code="a">Tolerancia a la actividad y fatiga</subfield>
  </datafield>
  <datafield tag="653" ind1=" " ind2=" ">
    <subfield code="a">Sue&#xF1;o y trastornos del sue&#xF1;o</subfield>
  </datafield>
  <datafield tag="653" ind1=" " ind2=" ">
    <subfield code="a">Sistema Hematopoy&#xE9;tico</subfield>
  </datafield>
  <datafield tag="653" ind1=" " ind2=" ">
    <subfield code="a">Trastornos de la hemostasia</subfield>
  </datafield>
  <datafield tag="653" ind1=" " ind2=" ">
    <subfield code="a">Trastornos de los gl&#xF3;bulos rojos</subfield>
  </datafield>
  <datafield tag="653" ind1=" " ind2=" ">
    <subfield code="a">Trastornos de los gl&#xF3;bulos blancos y los tejidos linfiodes</subfield>
  </datafield>
  <datafield tag="653" ind1=" " ind2=" ">
    <subfield code="a">Mecanismos de las enfermedades infecciosas</subfield>
  </datafield>
  <datafield tag="653" ind1=" " ind2=" ">
    <subfield code="a">Respuesta inmunitaria</subfield>
  </datafield>
  <datafield tag="653" ind1=" " ind2=" ">
    <subfield code="a">Inflamaci&#xF3;n y cicatrizaci&#xF3;n</subfield>
  </datafield>
  <datafield tag="653" ind1=" " ind2=" ">
    <subfield code="a">Alteraciones de la respuesta inmunitaria</subfield>
  </datafield>
  <datafield tag="653" ind1=" " ind2=" ">
    <subfield code="a">S&#xED;ndrome de inmunodeficiencia adquirida</subfield>
  </datafield>
  <datafield tag="653" ind1=" " ind2=" ">
    <subfield code="a">Control de la funci&#xF3;n cardiovascular</subfield>
  </datafield>
  <datafield tag="653" ind1=" " ind2=" ">
    <subfield code="a">Trastornos del flujo sangu&#xED;neo en la circulaci&#xF3;n sist&#xE9;mica</subfield>
  </datafield>
  <datafield tag="653" ind1=" " ind2=" ">
    <subfield code="a">Trastornos de la regulaci&#xF3;n de la presi&#xF3;n arterial</subfield>
  </datafield>
  <datafield tag="653" ind1=" " ind2=" ">
    <subfield code="a">Trastornos de la funci&#xF3;n card&#xED;aca</subfield>
  </datafield>
  <datafield tag="653" ind1=" " ind2=" ">
    <subfield code="a">Trastornos de la conducci&#xF3;n y del ritmo card&#xED;acos</subfield>
  </datafield>
  <datafield tag="653" ind1=" " ind2=" ">
    <subfield code="a">Insuficiencia card&#xED;aca y shock circulatorio </subfield>
  </datafield>
  <datafield tag="653" ind1=" " ind2=" ">
    <subfield code="a">Control de la funci&#xF3;n respiratoria</subfield>
  </datafield>
  <datafield tag="653" ind1=" " ind2=" ">
    <subfield code="a">Infecciones, neoplasias y enfermedades respiratorias en la infancia</subfield>
  </datafield>
  <datafield tag="653" ind1=" " ind2=" ">
    <subfield code="a">Trastornos de la ventilaci&#xF3;n y el intercambio gaseoso</subfield>
  </datafield>
  <datafield tag="653" ind1=" " ind2=" ">
    <subfield code="a">Control de la funci&#xF3;n renal</subfield>
  </datafield>
  <datafield tag="653" ind1=" " ind2=" ">
    <subfield code="a">Trastorno del balance de l&#xED;quidos y electr&#xF3;litos</subfield>
  </datafield>
  <datafield tag="653" ind1=" " ind2=" ">
    <subfield code="a">Trastornos del equilibrio &#xE1;cido-base</subfield>
  </datafield>
  <datafield tag="653" ind1=" " ind2=" ">
    <subfield code="a">Trastornos de la funci&#xF3;n renal</subfield>
  </datafield>
  <datafield tag="653" ind1=" " ind2=" ">
    <subfield code="a">Insuficiencia renal</subfield>
  </datafield>
  <datafield tag="653" ind1=" " ind2=" ">
    <subfield code="a">Trastornos de la eliminaci&#xF3;n de orina</subfield>
  </datafield>
  <datafield tag="653" ind1=" " ind2=" ">
    <subfield code="a">Control de la funci&#xF3;n gastrointestinal</subfield>
  </datafield>
  <datafield tag="653" ind1=" " ind2=" ">
    <subfield code="a">Trastornos de la funci&#xF3;n gastrointestinal</subfield>
  </datafield>
  <datafield tag="653" ind1=" " ind2=" ">
    <subfield code="a">Trastornos de la funci&#xF3;n hepatobiliar y del p&#xE1;ncreas ex&#xF3;crino</subfield>
  </datafield>
  <datafield tag="653" ind1=" " ind2=" ">
    <subfield code="a">Mecanismos del control endocrino</subfield>
  </datafield>
  <datafield tag="653" ind1=" " ind2=" ">
    <subfield code="a">Trastornos en el control endocrino del crecimiento y el metabolismo</subfield>
  </datafield>
  <datafield tag="653" ind1=" " ind2=" ">
    <subfield code="a">Diabetes Mellitus y s&#xED;ndrome metab&#xF3;lico</subfield>
  </datafield>
  <datafield tag="653" ind1=" " ind2=" ">
    <subfield code="a">Sistema genitourinario masculino</subfield>
  </datafield>
  <datafield tag="653" ind1=" " ind2=" ">
    <subfield code="a">Trastornos del sistema genitourinario masculino</subfield>
  </datafield>
  <datafield tag="653" ind1=" " ind2=" ">
    <subfield code="a">Aparato reproductor femenino</subfield>
  </datafield>
  <datafield tag="653" ind1=" " ind2=" ">
    <subfield code="a"> Trastornos del aparato reproductor femenino</subfield>
  </datafield>
  <datafield tag="653" ind1=" " ind2=" ">
    <subfield code="a">Enfermedades de transmisi&#xF3;n sexual</subfield>
  </datafield>
  <datafield tag="653" ind1=" " ind2=" ">
    <subfield code="a">Organizaci&#xF3;n y control de la funci&#xF3;n nerviosa</subfield>
  </datafield>
  <datafield tag="653" ind1=" " ind2=" ">
    <subfield code="a">Funci&#xF3;n somatosensitiva, dolor y cefalea</subfield>
  </datafield>
  <datafield tag="653" ind1=" " ind2=" ">
    <subfield code="a">Trastornos de la funci&#xF3;n motora</subfield>
  </datafield>
  <datafield tag="653" ind1=" " ind2=" ">
    <subfield code="a">Trastornos de la funci&#xF3;n cerebral</subfield>
  </datafield>
  <datafield tag="653" ind1=" " ind2=" ">
    <subfield code="a">Trastornos del pensamiento,el estado de &#xE1;nimo y la memoria</subfield>
  </datafield>
  <datafield tag="653" ind1=" " ind2=" ">
    <subfield code="a">Trastornos de la funci&#xF3;n visual</subfield>
  </datafield>
  <datafield tag="653" ind1=" " ind2=" ">
    <subfield code="a">Trastornos de las funciones auditiva y vestibular</subfield>
  </datafield>
  <datafield tag="653" ind1=" " ind2=" ">
    <subfield code="a">Estructura y funci&#xF3;n del sistema musculoesquel&#xE9;tico</subfield>
  </datafield>
  <datafield tag="653" ind1=" " ind2=" ">
    <subfield code="a">Trastornos de la funci&#xF3;n esquel&#xE9;tica: traumatismos,infecciones y neoplasias</subfield>
  </datafield>
  <datafield tag="653" ind1=" " ind2=" ">
    <subfield code="a">Trastornos de la funci&#xF3;n esquel&#xE9;tica:alteraciones metab&#xF3;licas del desarrollo</subfield>
  </datafield>
  <datafield tag="653" ind1=" " ind2=" ">
    <subfield code="a">Trastornos de la funci&#xF3;n esquel&#xE9;tica:afecciones reum&#xE1;ticas</subfield>
  </datafield>
  <datafield tag="653" ind1=" " ind2=" ">
    <subfield code="a">Estructura y funci&#xF3;n de la piel</subfield>
  </datafield>
  <datafield tag="653" ind1=" " ind2=" ">
    <subfield code="a">Alteraciones de la funci&#xF3;n y la integridad de la piel</subfield>
  </datafield>
  <datafield tag="942" ind1=" " ind2=" ">
    <subfield code="2">ddc</subfield>
    <subfield code="c">BK</subfield>
  </datafield>
  <datafield tag="999" ind1=" " ind2=" ">
    <subfield code="c">2138</subfield>
    <subfield code="d">2138</subfield>
  </datafield>
  <datafield tag="952" ind1=" " ind2=" ">
    <subfield code="0">0</subfield>
    <subfield code="1">0</subfield>
    <subfield code="2">ddc</subfield>
    <subfield code="4">0</subfield>
    <subfield code="7">0</subfield>
    <subfield code="8">REF</subfield>
    <subfield code="a">BFM</subfield>
    <subfield code="b">BFM</subfield>
    <subfield code="c">REF</subfield>
    <subfield code="d">2015-02-06</subfield>
    <subfield code="g">515.00</subfield>
    <subfield code="l">66</subfield>
    <subfield code="m">4</subfield>
    <subfield code="o">616.07 68 POR</subfield>
    <subfield code="p">3441</subfield>
    <subfield code="r">2025-08-18</subfield>
    <subfield code="s">2025-08-14</subfield>
    <subfield code="t">Ej.1</subfield>
    <subfield code="w">2015-02-06</subfield>
    <subfield code="y">REF</subfield>
    <subfield code="z">LIBRO DE CONSULTA. COMPRA ENERO 2015</subfield>
    <subfield code="f"></subfield>
  </datafield>
  <datafield tag="952" ind1=" " ind2=" ">
    <subfield code="0">0</subfield>
    <subfield code="1">0</subfield>
    <subfield code="2">ddc</subfield>
    <subfield code="4">0</subfield>
    <subfield code="7">0</subfield>
    <subfield code="a">BFM</subfield>
    <subfield code="b">BFM</subfield>
    <subfield code="c">CR</subfield>
    <subfield code="d">2015-02-06</subfield>
    <subfield code="g">515.00</subfield>
    <subfield code="l">240</subfield>
    <subfield code="m">36</subfield>
    <subfield code="o">616.07 38 POR</subfield>
    <subfield code="p">3442</subfield>
    <subfield code="r">2026-06-02</subfield>
    <subfield code="s">2026-05-22</subfield>
    <subfield code="t">Ej.2</subfield>
    <subfield code="w">2015-02-06</subfield>
    <subfield code="y">BK</subfield>
    <subfield code="z">COMPRA ENERO 2015</subfield>
    <subfield code="f"></subfield>
  </datafield>
</record>
